Snowboarding / (Record no. 1878)

MARC details
000 -LEADER
fixed length control field 01831cam a2200445 i 4500
001 - CONTROL NUMBER
control field data
005 - DATE AND TIME OF LATEST TRANSACTION
control field 20260322212122.0
008 - FIXED-LENGTH DATA ELEMENTS--GENERAL INFORMATION
fixed length control field data
035 ## - SYSTEM CONTROL NUMBER
System control number 21299068
010 ## - LIBRARY OF CONGRESS CONTROL NUMBER
LC control number 2019954964
020 ## - INTERNATIONAL STANDARD BOOK NUMBER
International Standard Book Number 9781532167874
020 ## - INTERNATIONAL STANDARD BOOK NUMBER
International Standard Book Number 1532167873
035 ## - SYSTEM CONTROL NUMBER
System control number (OCoLC)1144808356
040 ## - CATALOGING SOURCE
Original cataloging agency YDX
Language of cataloging eng
Transcribing agency YDX
Description conventions rda
Modifying agency DLC
-- OCLCQ
-- XY4
-- OCLCO
-- OCLCF
-- JQM
-- DLC
042 ## - AUTHENTICATION CODE
Authentication code lccopycat
050 00 - LIBRARY OF CONGRESS CALL NUMBER
Classification number GV857.S57
Item number M668 2021
082 04 - DEWEY DECIMAL CLASSIFICATION NUMBER
Classification number 796.9 M
Edition information 23
100 1# - MAIN ENTRY--PERSONAL NAME
Personal name Morey, Allan.
245 10 - TITLE STATEMENT
Title Snowboarding /
Statement of responsibility, etc. Allan Morey.
260 ## - PUBLICATION, DISTRIBUTION, ETC.
Place of publication, distribution, etc. Minneapolis, Minnesota :
Name of publisher, distributor, etc. DiscoverRoo, an imprint of Pop! ;
Date of publication, distribution, etc. [2021]
300 ## - PHYSICAL DESCRIPTION
Extent 32 pages :
Other physical details color illustrations ;
Dimensions 23 cm.
336 ## - CONTENT TYPE
Content type term text
Content type code txt
Source rdacontent
337 ## - MEDIA TYPE
Media type term unmediated
Media type code n
Source rdamedia
338 ## - CARRIER TYPE
Carrier type term volume
Carrier type code nc
Source rdacarrier
490 0# - SERIES STATEMENT
Series statement Extreme Sports
500 ## - GENERAL NOTE
General note "4D Book!"
500 ## - GENERAL NOTE
General note Includes index.
505 0# - FORMATTED CONTENTS NOTE
Formatted contents note At the terrain park -- History -- Snowboarding today -- Snowboard safety -- Making connections.
520 ## - SUMMARY, ETC.
Summary, etc. This high-powered series gives readers a glimpse into the thrilling world of extreme sports. This book introduces readers to the sport of snowboarding including its history, events, and styles. Also, meet the superstars of the sport! Features in clude infographics, connections questions, and QR codes that link to book-specific online resources.
650 #0 - SUBJECT ADDED ENTRY--TOPICAL TERM
Topical term or geographic name entry element Snowboarding.
650 #0 - SUBJECT ADDED ENTRY--TOPICAL TERM
Topical term or geographic name entry element Sports.
650 #0 - SUBJECT ADDED ENTRY--TOPICAL TERM
Topical term or geographic name entry element Extreme sports.
650 #7 - SUBJECT ADDED ENTRY--TOPICAL TERM
Topical term or geographic name entry element Extreme sports.
Source of heading or term fast
Authority record control number or standard number (OCoLC)fst00919066
650 #7 - SUBJECT ADDED ENTRY--TOPICAL TERM
Topical term or geographic name entry element Snowboarding.
Source of heading or term fast
Authority record control number or standard number (OCoLC)fst01121993
650 #7 - SUBJECT ADDED ENTRY--TOPICAL TERM
Topical term or geographic name entry element Sports.
Source of heading or term fast
Authority record control number or standard number (OCoLC)fst01130432
906 ## - LOCAL DATA ELEMENT F, LDF (RLIN)
a 7
b cbc
c copycat
d 2
e ncip
f 20
g y-gencatlg
925 0# -
-- acquire
-- 1 shelf copy
-- policy default
Holdings
Withdrawn status Lost status Damaged status Not for loan Home library Current library Shelving location Date acquired Total checkouts Full call number Barcode Date last seen Price effective from Koha item type
        Troy Troy General stacks 22/03/2026   796.9 M LOC-TPL-00010 22/03/2026 22/03/2026 Books